| 000 | 00830nam a22002897a 4500 | ||
|---|---|---|---|
| 001 | 1355033 | ||
| 003 | OSt | ||
| 005 | 20210421063503.0 | ||
| 008 | 800902s1981 nyu 000 1 eng | ||
| 010 | _a 80023234 | ||
| 020 | _a0399125981 | ||
| 040 |
_aeng _cDLC _deng _beng |
||
| 050 | 0 | 0 |
_aPR6056.R27 _bR4 1981 |
| 080 |
_a821.111 _bF-85 |
||
| 082 | 0 | 0 |
_a823/.914 _219 |
| 100 | 1 | _aFrancis, Dick. | |
| 245 | 1 | 0 |
_aReflex / _cDick Francis. |
| 260 |
_aNew York : _bG. P. Putnam's Sons _cc1981. |
||
| 300 |
_a295 p. ; _c24 cm. |
||
| 365 | _b11.95 usd | ||
| 650 | 0 |
_aHorse racing _xFiction. |
|
| 650 | 0 |
_aEnglish literature _9254 |
|
| 653 | _aინგლისური ლიტერატურა | ||
| 655 | 7 |
_aDetective and mystery stories. _2gsafd |
|
| 906 |
_a7 _bcbc _corignew _du _eocip _f19 _gy-gencatlg |
||
| 942 |
_2udc _cBK |
||
| 999 |
_c653 _d653 |
||